000 00573nam a22001817a 4500
005 20251108170133.0
008 250721s1997 xx 000 0 ara d
082 1 4 _a657.9/رزق
100 1 _aرزق، صالح
245 1 0 _aمحاسبة شركات الأشخاص :
_bالأطار الفكري و تطبيقاته العملية /
264 1 _aعمان :
_bدار زهران،
_c1997.
300 _a410ص
650 1 7 _aالمحاسبة
650 1 7 _aمحاسبة الشركات
700 1 _aإبن وارد، عطا الله
942 _2ddc
_cBK
999 _c40628
_d40628